[Event "POL-ch disabled"]
[Site "Rowy"]
[Date "2009.09.04"]
[Round "6.10"]
[White "Tuszynski, Edmund"]
[Black "Dziedzic, Ferdynand"]
[Result "1-0"]
[WhiteElo "1995"]
[BlackElo "1917"]
[PlyCount "28"]
[EventDate "2009.09.01"]
[EventType "swiss"]
[EventRounds "9"]
[EventCountry "POL"]
[SourceTitle "EXT 2023"]
[Source "ChessBase"]
[SourceDate "2022.10.05"]
[SourceVersion "1"]
[SourceVersionDate "2022.10.05"]
[SourceQuality "1"]

1. e4 c5 2. Nc3 Nc6 3. Nf3 g6 4. a3 Bg7 5. Bc4 d6 6. h3 Nf6 7. d3 a6 8. 0-0 b5 9. Ba2 Bd7 10. Nh2 0-0 11. Nd5 b4 12. axb4 Nxb4 13. Nxf6+ Bxf6 14. Bb3 e6 1-0